[Event "World Chess Olympiad 2018"]
[Site "Batumi"]
[Date "2018.10.02"]
[Round "8"]
[Board "2"]
[WhiteFideId "404853"]
[White "McShane Luke J"]
[BlackFideId "2806851"]
[Black "Rodshtein Maxim"]
[Result "1-0"]
[LiveChessVersion "1.4.8"]
[BlackElo "2674"]
[WhiteElo "2672"]

1. e4 {[%clk 1:30:56]} c6 {[%clk 1:30:54]} 2. Nc3 {[%clk 1:31:18]} d5
{[%clk 1:31:19]} 3. Nf3 {[%clk 1:31:43]} Bg4 {[%clk 1:31:38]} 4. h3
{[%clk 1:32:07]} Bxf3 {[%clk 1:32:03]} 5. Qxf3 {[%clk 1:32:32]} e6
{[%clk 1:31:52]} 6. Qg3 {[%clk 1:32:49]} Ne7 {[%clk 1:31:15]} 7. d3
{[%clk 1:30:54]} Nd7 {[%clk 1:30:32]} 8. Be2 {[%clk 1:30:51]} g6 {[%clk 1:30:06]}
9. O-O {[%clk 1:30:26]} Bg7 {[%clk 1:28:40]} 10. Kh1 {[%clk 1:29:13]} O-O
{[%clk 1:15:14]} 11. f4 {[%clk 1:29:35]} Kh8 {[%clk 1:00:06]} 12. Bf3
{[%clk 1:15:54]} b5 {[%clk 0:52:26]} 13. a3 {[%clk 1:09:57]} a5 {[%clk 0:50:58]}
14. Qe1 {[%clk 1:02:09]} Rb8 {[%clk 0:28:19]} 15. Ne2 {[%clk 0:43:00]} c5
{[%clk 0:26:47]} 16. c3 {[%clk 0:40:51]} c4 {[%clk 0:24:52]} 17. d4
{[%clk 0:38:01]} dxe4 {[%clk 0:19:49]} 18. Bxe4 {[%clk 0:38:26]} Nf5
{[%clk 0:12:16]} 19. g4 {[%clk 0:27:32]} Nd6 {[%clk 0:12:40]} 20. Bg2
{[%clk 0:27:58]} Nb6 {[%clk 0:09:48]} 21. Ng1 {[%clk 0:26:50]} Qc7
{[%clk 0:09:45]} 22. Nf3 {[%clk 0:26:37]} Rfe8 {[%clk 0:08:59]} 23. Ne5
{[%clk 0:20:39]} Kg8 {[%clk 0:08:58]} 24. h4 {[%clk 0:17:37]} f6 {[%clk 0:08:59]}
25. Nf3 {[%clk 0:17:56]} Nd5 {[%clk 0:09:23]} 26. Bd2 {[%clk 0:15:47]} f5
{[%clk 0:06:51]} 27. Ne5 {[%clk 0:15:03]} Nf6 {[%clk 0:07:06]} 28. g5
{[%clk 0:13:57]} Nfe4 {[%clk 0:06:33]} 29. Bf3 {[%clk 0:12:08]} Rf8
{[%clk 0:05:01]} 30. Be3 {[%clk 0:10:36]} Nc8 {[%clk 0:04:16]} 31. Bf2
{[%clk 0:04:50]} Ne7 {[%clk 0:04:23]} 32. Bxe4 {[%clk 0:04:00]} fxe4
{[%clk 0:04:48]} 33. Qxe4 {[%clk 0:04:25]} Bxe5 {[%clk 0:04:58]} 34. dxe5
{[%clk 0:02:45]} Nd5 {[%clk 0:04:13]} 35. Bd4 {[%clk 0:02:29]} Rf5
{[%clk 0:03:46]} 36. Rf3 {[%clk 0:02:24]} Rbf8 {[%clk 0:03:44]} 37. Raf1
{[%clk 0:02:39]} h6 {[%clk 0:03:26]} 38. Kh2 {[%clk 0:01:29]} Qh7
{[%clk 0:00:37]} 39. Kg3 {[%clk 0:00:47]} Qe7 {[%clk 0:00:41]} 40. R3f2
{[%clk 0:30:44]} a4 {[%clk 0:30:41]} 41. Be3 {[%clk 0:28:17]} Qb7
{[%clk 0:12:23]} 42. Rd1 {[%clk 0:16:17]} Rd8 {[%clk 0:11:58]} 43. Bc5
{[%clk 0:10:59]} Rd7 {[%clk 0:08:08]} 44. Rd4 {[%clk 0:06:10]} Qc6
{[%clk 0:02:11]} 45. Bd6 {[%clk 0:05:40]} Rdf7 {[%clk 0:01:49]} 46. gxh6
{[%clk 0:04:51]} Kh7 {[%clk 0:02:05]} 47. Rxd5 {[%clk 0:03:42]} exd5
{[%clk 0:02:31]} 48. Qe3 {[%clk 0:03:38]} Kxh6 {[%clk 0:01:52]} 49. e6
{[%clk 0:01:40]} Qxd6 {[%clk 0:02:10]} 50. exf7 {[%clk 0:02:08]} Rxf7
{[%clk 0:02:28]} 51. Re2 {[%clk 0:02:05]} Rf5 {[%clk 0:00:40]} 52. Qd4
{[%clk 0:01:47]} Qd8 {[%clk 0:00:32]} 53. Re6 {[%clk 0:01:03]} Rh5
{[%clk 0:00:38]} 54. Qf6 {[%clk 0:01:14]} Qxf6 {[%clk 0:00:36]} 55. Rxf6
{[%clk 0:01:43]} d4 {[%clk 0:00:36]} 56. cxd4 {[%clk 0:01:53]} Rd5
{[%clk 0:01:01]} 57. Kg4 {[%clk 0:00:38]} Rxd4 {[%clk 0:00:41]} 58. h5
{[%clk 0:01:07]} Rd2 {[%clk 0:01:03]} 59. hxg6 {[%clk 0:01:01]} Rxb2
{[%clk 0:01:21]} 60. f5 {[%clk 0:01:11]} Rg2+ {[%clk 0:00:36]} 61. Kf4
{[%clk 0:01:15]} Rf2+ {[%clk 0:00:52]} 62. Kg4 {[%clk 0:00:50]} Rg2+
{[%clk 0:01:17]} 63. Kh4 {[%clk 0:00:52]} Rh2+ {[%clk 0:01:01]} 64. Kg3
{[%clk 0:01:20]} Rh1 {[%clk 0:01:18]} 65. Rf7 {[%clk 0:01:36]} Rg1+
{[%clk 0:01:18]} 66. Kf4 {[%clk 0:00:55]} Rf1+ {[%clk 0:01:28]} 67. Ke5
{[%clk 0:01:05]} c3 {[%clk 0:00:52]} 68. Rh7+ {[%clk 0:01:10]} Kg5
{[%clk 0:01:18]} 69. g7 {[%clk 0:01:29]} 1-0

[Event "World Chess Olympiad 2018"]
[Site "Batumi"]
[Date "2018.10.02"]
[Round "8"]
[Board "3"]
[WhiteFideId "2802007"]
[White "Sutovsky Emil"]
[BlackFideId "410608"]
[Black "Howell David W L"]
[Result "1/2-1/2"]
[LiveChessVersion "1.4.8"]
[BlackElo "2689"]
[WhiteElo "2633"]

1. e4 {[%clk 1:30:58]} e5 {[%clk 1:30:28]} 2. Nf3 {[%clk 1:31:26]} Nc6
{[%clk 1:30:48]} 3. d4 {[%clk 1:31:51]} exd4 {[%clk 1:30:35]} 4. Nxd4
{[%clk 1:32:19]} Bc5 {[%clk 1:26:53]} 5. Be3 {[%clk 1:32:40]} Qf6
{[%clk 1:26:55]} 6. c3 {[%clk 1:33:08]} Nge7 {[%clk 1:27:02]} 7. Bb5
{[%clk 1:33:32]} Bb6 {[%clk 1:03:53]} 8. O-O {[%clk 1:32:14]} O-O
{[%clk 1:04:10]} 9. Re1 {[%clk 1:32:42]} Nxd4 {[%clk 0:48:04]} 10. cxd4
{[%clk 1:29:36]} d5 {[%clk 0:48:27]} 11. e5 {[%clk 1:26:46]} Qg6 {[%clk 0:48:44]}
12. Nc3 {[%clk 1:22:42]} c6 {[%clk 0:48:38]} 13. Be2 {[%clk 1:17:54]} Nf5
{[%clk 0:46:07]} 14. Bh5 {[%clk 1:16:44]} Nxe3 {[%clk 0:45:32]} 15. fxe3
{[%clk 1:08:23]} Qg5 {[%clk 0:37:31]} 16. Bf3 {[%clk 0:48:38]} f6
{[%clk 0:28:57]} 17. e4 {[%clk 0:41:55]} fxe5 {[%clk 0:25:14]} 18. exd5
{[%clk 0:41:59]} exd4 {[%clk 0:22:16]} 19. Ne4 {[%clk 0:42:19]} Qh6
{[%clk 0:22:28]} 20. dxc6 {[%clk 0:16:28]} bxc6 {[%clk 0:22:26]} 21. Qc1
{[%clk 0:16:58]} Qg6 {[%clk 0:16:08]} 22. Ng5 {[%clk 0:16:05]} Bf5
{[%clk 0:12:30]} 23. Qc4+ {[%clk 0:12:28]} Kh8 {[%clk 0:12:53]} 24. Ne6
{[%clk 0:12:46]} d3+ {[%clk 0:11:34]} 25. Kh1 {[%clk 0:13:11]} d2
{[%clk 0:11:37]} 26. Re2 Rfe8 {[%clk 0:05:21]} 27. Nf4 {[%clk 0:14:04]} Qd6
{[%clk 0:05:43]} 28. Rd1 {[%clk 0:13:32]} Rxe2 {[%clk 0:05:16]} 29. Nxe2 Be3 30.
Ng3 {[%clk 0:11:33]} Bd3 {[%clk 0:01:22]} 31. Qc3 {[%clk 0:11:56]} Bh6 32. Nf1
{[%clk 0:05:06]} Bxf1 {[%clk 0:00:38]} 33. Rxf1 {[%clk 0:05:35]} Re8
{[%clk 0:00:39]} 34. Bd1 {[%clk 0:01:12]} c5 {[%clk 0:00:57]} 35. Qf3
{[%clk 0:00:50]} g6 {[%clk 0:00:39]} 36. g3 {[%clk 0:00:39]} Bg7 {[%clk 0:00:33]}
37. b3 {[%clk 0:00:33]} a5 {[%clk 0:00:40]} 38. Kg2 {[%clk 0:00:52]} Qd4
{[%clk 0:00:36]} 39. h4 {[%clk 0:00:34]} Qe5 {[%clk 0:00:34]} 40. h5
{[%clk 0:30:38]} Rf8 {[%clk 0:30:33]} 41. Qd3 {[%clk 0:29:38]} Rxf1
{[%clk 0:21:22]} 42. Kxf1 {[%clk 0:29:48]} Qf6+ {[%clk 0:08:20]} 43. Kg2
{[%clk 0:24:33]} Bh6 44. Qd7 {[%clk 0:22:35]} Qf8 {[%clk 0:02:55]} 45. Qe6
{[%clk 0:18:20]} gxh5 46. Bxh5 {[%clk 0:13:57]} Bg7 {[%clk 0:01:21]} 47. Qe3
{[%clk 0:13:32]} Qd6 {[%clk 0:01:01]} 48. Qe8+ {[%clk 0:12:50]} Bf8
{[%clk 0:01:13]} 49. Qf7 {[%clk 0:12:11]} Bg7 {[%clk 0:00:45]} 50. Qe8+
{[%clk 0:09:29]} Qf8 {[%clk 0:00:53]} 51. Qe3 {[%clk 0:09:47]} Qd6
{[%clk 0:00:45]} 1/2-1/2

[Event "World Chess Olympiad 2018"]
[Site "Batumi"]
[Date "2018.10.02"]
[Round "8"]
[Board "4"]
[WhiteFideId "409561"]
[White "Jones Gawain C B"]
[BlackFideId "2801990"]
[Black "Smirin Ilia"]
[Result "1/2-1/2"]
[LiveChessVersion "1.4.8"]
[BlackElo "2594"]
[WhiteElo "2677"]

1. e4 {[%clk 1:30:47]} e5 {[%clk 1:30:42]} 2. Nf3 {[%clk 1:30:34]} Nf6
{[%clk 1:31:03]} 3. d4 {[%clk 1:29:46]} Nxe4 {[%clk 1:30:50]} 4. Bd3
{[%clk 1:30:06]} d5 {[%clk 1:30:43]} 5. Nxe5 {[%clk 1:30:16]} Nd7
{[%clk 1:29:53]} 6. O-O {[%clk 1:26:57]} Nxe5 {[%clk 1:28:17]} 7. dxe5
{[%clk 1:27:19]} Nc5 {[%clk 1:25:01]} 8. Be3 {[%clk 1:23:31]} c6 {[%clk 1:21:17]}
9. f4 {[%clk 1:22:32]} g6 {[%clk 1:20:25]} 10. Nd2 {[%clk 1:22:17]} Be7
{[%clk 1:04:21]} 11. Nf3 {[%clk 1:13:38]} Nxd3 {[%clk 0:58:57]} 12. Qxd3
{[%clk 1:12:23]} c5 {[%clk 0:53:40]} 13. Rad1 {[%clk 0:53:49]} d4
{[%clk 0:50:36]} 14. Bf2 {[%clk 0:51:43]} Bf5 {[%clk 0:42:52]} 15. Qd2
{[%clk 0:50:10]} O-O {[%clk 0:29:42]} 16. c3 {[%clk 0:50:19]} dxc3
{[%clk 0:29:54]} 17. Qxc3 {[%clk 0:50:38]} Qb6 {[%clk 0:30:16]} 18. Nh4
{[%clk 0:44:37]} Bg4 {[%clk 0:25:53]} 19. Rc1 {[%clk 0:42:52]} Rac8
{[%clk 0:18:15]} 20. f5 {[%clk 0:36:19]} Bg5 {[%clk 0:18:36]} 21. Rce1
{[%clk 0:26:52]} Qb4 {[%clk 0:18:20]} 22. Qxb4 {[%clk 0:23:24]} cxb4
{[%clk 0:18:45]} 23. h3 {[%clk 0:23:39]} Bxh4 {[%clk 0:16:58]} 24. hxg4
{[%clk 0:21:51]} Bg5 {[%clk 0:13:04]} 25. Bxa7 {[%clk 0:18:55]} Rc4
{[%clk 0:11:25]} 26. f6 {[%clk 0:13:46]} Ra8 {[%clk 0:09:56]} 27. e6
{[%clk 0:13:10]} fxe6 {[%clk 0:09:59]} 28. f7+ {[%clk 0:12:25]} Kg7
{[%clk 0:06:09]} 29. b3 {[%clk 0:12:08]} Rc6 {[%clk 0:06:23]} 30. Bd4+
{[%clk 0:10:58]} Kf8 {[%clk 0:06:47]} 31. Re5 {[%clk 0:11:15]} Rd8
{[%clk 0:05:51]} 32. Rxg5 {[%clk 0:08:28]} Rxd4 {[%clk 0:06:08]} 1/2-1/2

[Event "World Chess Olympiad 2018"]
[Site "Batumi"]
[Date "2018.10.02"]
[Round "8"]
[Board "2"]
[WhiteFideId "14109182"]
[White "Kryvoruchko Yuriy"]
[BlackFideId "605506"]
[Black "Bacrot Etienne"]
[Result "0-1"]
[LiveChessVersion "1.4.8"]
[BlackElo "2678"]
[WhiteElo "2695"]

1. e4 {[%clk 1:30:56]} e5 {[%clk 1:30:54]} 2. Nf3 {[%clk 1:31:19]} Nc6
{[%clk 1:31:20]} 3. Bb5 {[%clk 1:31:42]} Nf6 {[%clk 1:31:45]} 4. d3
{[%clk 1:32:06]} Bc5 {[%clk 1:32:08]} 5. c3 {[%clk 1:32:29]} d5 {[%clk 1:31:29]}
6. Nbd2 {[%clk 1:31:37]} O-O {[%clk 1:27:57]} 7. O-O {[%clk 1:31:42]} dxe4
{[%clk 1:27:54]} 8. dxe4 {[%clk 1:32:06]} a5 {[%clk 1:27:43]} 9. Qe2
{[%clk 1:32:20]} Qe7 {[%clk 1:26:56]} 10. Ba4 {[%clk 1:31:03]} h6
{[%clk 1:06:59]} 11. Nc4 {[%clk 1:28:03]} Bd7 {[%clk 1:06:18]} 12. Ne3
{[%clk 1:23:24]} Bxe3 {[%clk 0:51:21]} 13. Qxe3 {[%clk 1:23:45]} Nb8
{[%clk 0:51:35]} 14. Bc2 {[%clk 1:21:22]} Na6 {[%clk 0:51:41]} 15. b3
{[%clk 1:10:45]} Rfd8 {[%clk 0:49:57]} 16. Nh4 {[%clk 1:02:08]} Be6
{[%clk 0:34:17]} 17. Re1 {[%clk 0:53:02]} Nb8 {[%clk 0:30:00]} 18. h3
{[%clk 0:49:17]} Nc6 {[%clk 0:28:44]} 19. Bd3 {[%clk 0:39:40]} Kh8
{[%clk 0:22:59]} 20. Bb5 {[%clk 0:38:12]} Na7 {[%clk 0:22:06]} 21. Bf1
{[%clk 0:38:33]} Nc6 {[%clk 0:20:14]} 22. Qf3 {[%clk 0:36:22]} Nh7
{[%clk 0:16:29]} 23. Qg3 {[%clk 0:30:31]} Ng5 {[%clk 0:16:40]} 24. f4
{[%clk 0:17:25]} exf4 {[%clk 0:16:18]} 25. Bxf4 {[%clk 0:17:52]} Rd7
{[%clk 0:16:41]} 26. Kh2 {[%clk 0:18:08]} Rc8 {[%clk 0:10:37]} 27. Bd3
{[%clk 0:17:25]} Rcd8 {[%clk 0:07:47]} 28. Bc2 {[%clk 0:17:47]} Qc5
{[%clk 0:03:44]} 29. Re2 {[%clk 0:15:57]} Ne7 {[%clk 0:03:18]} 30. Rae1
{[%clk 0:15:29]} Nh7 {[%clk 0:03:12]} 31. Nf5 {[%clk 0:13:39]} Bxf5
{[%clk 0:02:23]} 32. exf5 {[%clk 0:14:05]} Nf6 {[%clk 0:02:47]} 33. Re5
{[%clk 0:05:03]} Qa3 {[%clk 0:03:07]} 34. Bc1 {[%clk 0:04:58]} Qxa2
{[%clk 0:01:44]} 35. Rxe7 {[%clk 0:03:43]} Rxe7 {[%clk 0:02:09]} 36. Rxe7
{[%clk 0:04:10]} Qxc2 {[%clk 0:02:33]} 37. Rxf7 {[%clk 0:01:13]} Rg8
{[%clk 0:02:40]} 38. Bf4 {[%clk 0:01:15]} Qxf5 {[%clk 0:31:07]} 39. Kh1
{[%clk 0:27:22]} Qb1+ {[%clk 0:14:51]} 40. Kh2 {[%clk 0:27:49]} Nh5
{[%clk 0:13:02]} 41. Qg4 {[%clk 0:26:11]} Nxf4 {[%clk 0:13:18]} 42. Qxf4
{[%clk 0:26:26]} Qxb3 {[%clk 0:12:45]} 43. Rxc7 {[%clk 0:14:04]} a4
{[%clk 0:12:10]} 44. Qf3 {[%clk 0:14:29]} b5 {[%clk 0:07:40]} 45. Ra7
{[%clk 0:14:50]} Qe6 {[%clk 0:07:01]} 46. Qf4 {[%clk 0:09:13]} Rd8
{[%clk 0:03:55]} 47. Qc7 {[%clk 0:04:50]} Qf6 {[%clk 0:03:37]} 48. c4
{[%clk 0:05:02]} Rd6 {[%clk 0:02:28]} 49. Qc8+ {[%clk 0:02:32]} Kh7
{[%clk 0:02:51]} 50. Qg4 {[%clk 0:02:55]} Qe5+ {[%clk 0:02:18]} 51. Qg3
{[%clk 0:03:07]} Qxg3+ {[%clk 0:02:26]} 52. Kxg3 {[%clk 0:03:35]} bxc4
{[%clk 0:02:50]} 53. Rxa4 {[%clk 0:04:00]} Rc6 {[%clk 0:03:13]} 54. Ra2
{[%clk 0:04:27]} Kg6 {[%clk 0:02:53]} 55. Kf4 {[%clk 0:03:58]} c3
{[%clk 0:02:52]} 56. Rc2 {[%clk 0:04:26]} Rc4+ {[%clk 0:02:36]} 57. Ke3
{[%clk 0:04:04]} Kg5 {[%clk 0:02:53]} 58. g3 {[%clk 0:04:31]} h5 {[%clk 0:02:54]}
59. Kf3 {[%clk 0:04:26]} Kf5 {[%clk 0:02:49]} 60. Ke3 {[%clk 0:04:54]} Rc7
{[%clk 0:02:48]} 61. Kd3 {[%clk 0:05:08]} Kg5 {[%clk 0:01:42]} 62. Ke3
{[%clk 0:05:22]} Kf5 {[%clk 0:01:21]} 63. Kd3 {[%clk 0:05:51]} Rc6
{[%clk 0:01:11]} 64. Ke3 {[%clk 0:04:10]} Ke5 {[%clk 0:01:10]} 65. Kd3
{[%clk 0:04:36]} Kd5 {[%clk 0:01:26]} 66. g4 {[%clk 0:02:46]} hxg4
{[%clk 0:01:42]} 67. hxg4 {[%clk 0:03:15]} Ke5 {[%clk 0:01:14]} 68. Re2+
{[%clk 0:03:09]} Kf4 {[%clk 0:01:34]} 69. Kc2 {[%clk 0:03:38]} g5
{[%clk 0:01:52]} 70. Rg2 {[%clk 0:03:59]} Kf3 {[%clk 0:02:17]} 71. Rg1
{[%clk 0:04:26]} Rc5 {[%clk 0:02:42]} 0-1

[Event "World Chess Olympiad 2018"]
[Site "Batumi"]
[Date "2018.10.02"]
[Round "8"]
[Board "3"]
[WhiteFideId "608742"]
[White "Fressinet Laurent"]
[BlackFideId "14103320"]
[Black "Ponomariov Ruslan"]
[Result "1/2-1/2"]
[LiveChessVersion "1.4.8"]
[BlackElo "2681"]
[WhiteElo "2649"]

1. e4 {[%clk 1:30:57]} c5 {[%clk 1:29:03]} 2. Nf3 {[%clk 1:31:21]} d6
{[%clk 1:28:30]} 3. d4 {[%clk 1:30:06]} cxd4 {[%clk 1:27:11]} 4. Nxd4
{[%clk 1:30:31]} Nf6 {[%clk 1:27:18]} 5. Nc3 {[%clk 1:30:39]} Nc6
{[%clk 1:27:07]} 6. f3 {[%clk 1:29:14]} e5 {[%clk 1:26:40]} 7. Nb3
{[%clk 1:29:38]} Be7 {[%clk 1:26:56]} 8. Be3 {[%clk 1:29:26]} O-O
{[%clk 1:26:33]} 9. Qd2 {[%clk 1:28:23]} a5 {[%clk 1:23:00]} 10. Bb5
{[%clk 1:27:34]} Be6 {[%clk 1:10:22]} 11. O-O-O {[%clk 1:25:32]} Nb4
{[%clk 0:40:37]} 12. Kb1 {[%clk 1:09:07]} d5 {[%clk 0:37:24]} 13. exd5
{[%clk 1:08:13]} Nbxd5 {[%clk 0:36:45]} 14. Nxd5 {[%clk 1:02:04]} Nxd5
{[%clk 0:36:55]} 15. Bc4 {[%clk 1:01:06]} Nxe3 {[%clk 0:36:50]} 16. Qxe3
{[%clk 1:01:31]} Qc8 {[%clk 0:37:06]} 17. Bxe6 {[%clk 1:01:42]} Qxe6
{[%clk 0:37:35]} 18. Rhe1 {[%clk 1:01:47]} a4 {[%clk 0:35:08]} 19. Nc5
{[%clk 0:57:35]} Bxc5 {[%clk 0:23:05]} 20. Qxc5 {[%clk 0:57:04]} Rfd8
{[%clk 0:23:04]} 21. Qc7 {[%clk 0:45:20]} Re8 {[%clk 0:10:53]} 22. a3
{[%clk 0:28:41]} b5 {[%clk 0:07:13]} 23. Qd6 {[%clk 0:24:35]} f6 {[%clk 0:05:03]}
24. Qxe6+ {[%clk 0:22:19]} Rxe6 {[%clk 0:05:32]} 25. Rd5 {[%clk 0:22:21]} Rb8
{[%clk 0:05:43]} 26. Re4 {[%clk 0:21:04]} Reb6 {[%clk 0:04:59]} 27. Rd7
{[%clk 0:19:07]} h5 {[%clk 0:04:43]} 28. c3 {[%clk 0:16:41]} Kh7 {[%clk 0:04:42]}
29. Kc2 {[%clk 0:16:13]} Kh6 {[%clk 0:04:57]} 30. h4 {[%clk 0:11:10]} g5
{[%clk 0:04:40]} 31. hxg5+ {[%clk 0:10:21]} Kxg5 {[%clk 0:05:08]} 32. Rd5
{[%clk 0:10:11]} Kg6 {[%clk 0:02:16]} 33. Rh4 {[%clk 0:07:53]} Kg5
{[%clk 0:01:42]} 34. g3 {[%clk 0:06:20]} Re6 {[%clk 0:01:06]} 35. Kd3
{[%clk 0:05:29]} Kg6 {[%clk 0:01:02]} 36. Ke3 {[%clk 0:05:08]} Rc6
{[%clk 0:01:08]} 37. Rb4 {[%clk 0:04:17]} Rcb6 {[%clk 0:01:33]} 38. Kf2
{[%clk 0:04:07]} Kf5 {[%clk 0:01:38]} 39. Rd1 {[%clk 0:03:29]} Rh8
{[%clk 0:01:23]} 40. Rh4 {[%clk 0:31:43]} Kg5 {[%clk 0:31:18]} 41. Rd5
{[%clk 0:29:31]} Kg6 {[%clk 0:12:22]} 42. g4 {[%clk 0:23:55]} Rbb8
{[%clk 0:11:50]} 43. gxh5+ {[%clk 0:22:06]} Rxh5 {[%clk 0:12:16]} 44. Rxh5
{[%clk 0:22:02]} Kxh5 {[%clk 0:12:43]} 45. f4 {[%clk 0:22:26]} Kg4
{[%clk 0:11:18]} 46. fxe5 {[%clk 0:22:42]} fxe5 {[%clk 0:11:22]} 47. Rxe5
{[%clk 0:23:07]} Kf4 {[%clk 0:11:49]} 48. Rc5 {[%clk 0:19:09]} Ke4
{[%clk 0:12:08]} 49. Ke2 {[%clk 0:19:35]} Rb7 {[%clk 0:12:19]} 50. Rh5
{[%clk 0:18:44]} Rb8 {[%clk 0:12:19]} 51. Kd2 {[%clk 0:17:54]} Rd8+
{[%clk 0:12:41]} 52. Kc2 {[%clk 0:18:18]} Rd5 {[%clk 0:13:07]} 53. Rh4+
{[%clk 0:14:19]} Ke5 {[%clk 0:12:39]} 54. c4 {[%clk 0:12:51]} bxc4
{[%clk 0:12:49]} 55. Rxc4 {[%clk 0:12:08]} Ra5 {[%clk 0:12:47]} 56. Kc3
{[%clk 0:10:58]} Kd6 {[%clk 0:12:15]} 57. Kb4 {[%clk 0:10:41]} Ra8
{[%clk 0:12:24]} 58. Rc2 {[%clk 0:10:05]} Ra7 {[%clk 0:09:55]} 59. Kb5
{[%clk 0:09:38]} Ra8 {[%clk 0:10:18]} 60. Rc6+ {[%clk 0:09:04]} Kd7
{[%clk 0:10:07]} 61. Ra6 {[%clk 0:05:53]} Rb8+ {[%clk 0:10:32]} 62. Rb6
{[%clk 0:06:19]} Ra8 {[%clk 0:10:59]} 63. Kc5 {[%clk 0:05:14]} Kc7
{[%clk 0:07:26]} 64. Rc6+ {[%clk 0:03:13]} Kd7 {[%clk 0:07:35]} 65. Rd6+
{[%clk 0:03:19]} Kc7 {[%clk 0:07:59]} 66. Rh6 {[%clk 0:03:01]} Ra5+
{[%clk 0:08:05]} 67. Kb4 {[%clk 0:03:04]} Ra8 {[%clk 0:08:31]} 68. Rh5
{[%clk 0:03:09]} Kd6 {[%clk 0:07:42]} 69. Ra5 {[%clk 0:03:09]} Rb8+
{[%clk 0:08:07]} 70. Kc3 {[%clk 0:02:21]} Rc8+ {[%clk 0:08:31]} 71. Kd3
{[%clk 0:02:33]} Rb8 {[%clk 0:08:52]} 72. Ra6+ {[%clk 0:02:36]} Kc5
{[%clk 0:08:18]} 73. Ra5+ {[%clk 0:02:57]} Kd6 {[%clk 0:08:42]} 74. Kc3
{[%clk 0:02:50]} Rc8+ {[%clk 0:09:07]} 75. Kd4 {[%clk 0:02:46]} Rb8
{[%clk 0:07:57]} 76. Ra6+ {[%clk 0:03:09]} Kd7 {[%clk 0:08:11]} 77. Kc3
{[%clk 0:03:25]} Rc8+ {[%clk 0:08:37]} 78. Kd3 {[%clk 0:03:34]} Rb8
{[%clk 0:09:05]} 79. Kc2 {[%clk 0:03:56]} Rc8+ {[%clk 0:09:31]} 80. Kb1
{[%clk 0:03:47]} Rc4 {[%clk 0:09:57]} 81. Rb6 {[%clk 0:04:02]} Rc5
{[%clk 0:10:15]} 82. Rb4 {[%clk 0:04:04]} Ra5 {[%clk 0:10:42]} 83. Rc4
{[%clk 0:04:29]} Kd6 {[%clk 0:10:07]} 84. Kc2 {[%clk 0:04:50]} Kd5
{[%clk 0:08:39]} 85. Rh4 {[%clk 0:04:42]} Ra8 {[%clk 0:08:36]} 86. Kc3
{[%clk 0:04:58]} Kc5 {[%clk 0:07:32]} 87. Rh5+ {[%clk 0:05:22]} Kc6
{[%clk 0:07:53]} 88. Kc4 {[%clk 0:05:48]} Rb8 {[%clk 0:08:05]} 89. Rc5+
{[%clk 0:06:02]} Kd6 {[%clk 0:08:25]} 90. Rb5 {[%clk 0:06:22]} Rc8+
{[%clk 0:08:11]} 91. Kb4 {[%clk 0:06:31]} Ra8 {[%clk 0:08:34]} 92. Rb6+
{[%clk 0:06:33]} Kc7 {[%clk 0:07:53]} 93. Kb5 {[%clk 0:06:33]} Kd7
{[%clk 0:08:07]} 94. Rb7+ {[%clk 0:06:03]} Kd6 {[%clk 0:07:27]} 1/2-1/2

[Event "World Chess Olympiad 2018"]
[Site "Batumi"]
[Date "2018.10.02"]
[Round "8"]
[Board "1"]
[WhiteFideId "8603677"]
[White "Ding Liren"]
[BlackFideId "24116068"]
[Black "Giri Anish"]
[Result "1/2-1/2"]
[LiveChessVersion "1.4.8"]
[BlackElo "2780"]
[WhiteElo "2804"]

1. d4 {[%clk 1:30:57]} Nf6 {[%clk 1:30:56]} 2. g3 {[%clk 1:31:17]} d5
{[%clk 1:31:10]} 3. Bg2 {[%clk 1:31:41]} e6 {[%clk 1:31:35]} 4. Nf3
{[%clk 1:32:06]} Be7 {[%clk 1:32:02]} 5. O-O {[%clk 1:32:22]} O-O
{[%clk 1:32:30]} 6. c4 {[%clk 1:32:10]} dxc4 {[%clk 1:32:55]} 7. Qc2
{[%clk 1:32:38]} a6 {[%clk 1:33:21]} 8. a4 {[%clk 1:33:03]} Bd7 {[%clk 1:33:43]}
9. Qxc4 {[%clk 1:33:22]} Bc6 {[%clk 1:34:03]} 10. Bf4 {[%clk 1:33:34]} Nbd7
{[%clk 1:34:25]} 11. Qc2 {[%clk 1:10:26]} Bd6 {[%clk 1:30:09]} 12. Bg5
{[%clk 1:08:02]} h6 {[%clk 1:29:08]} 13. Bxf6 {[%clk 1:08:29]} Nxf6
{[%clk 1:29:33]} 14. Nbd2 {[%clk 1:08:50]} Bb4 {[%clk 1:27:47]} 15. e3
{[%clk 1:05:18]} a5 {[%clk 1:24:37]} 16. Rfd1 {[%clk 1:05:25]} Rc8
{[%clk 1:21:00]} 17. Rac1 {[%clk 1:04:14]} Bxf3 {[%clk 1:11:36]} 18. Bxf3
{[%clk 1:02:42]} c6 {[%clk 1:11:25]} 19. Nc4 {[%clk 1:00:09]} Qe7
{[%clk 1:06:40]} 20. Kg2 {[%clk 0:58:10]} Rfd8 {[%clk 1:02:18]} 21. h4
{[%clk 0:57:44]} h5 {[%clk 1:01:48]} 22. e4 {[%clk 0:45:10]} g6 {[%clk 1:00:59]}
23. Qe2 {[%clk 0:41:46]} Kg7 {[%clk 0:54:55]} 24. b3 {[%clk 0:41:37]} Rb8
{[%clk 0:52:39]} 25. Qe3 {[%clk 0:41:05]} Re8 {[%clk 0:46:28]} 26. Ne5
{[%clk 0:37:33]} Ba3 {[%clk 0:33:51]} 27. Rc2 {[%clk 0:34:33]} Qd8
{[%clk 0:31:19]} 28. Nd3 {[%clk 0:31:56]} Qb6 {[%clk 0:27:07]} 29. Nf4
{[%clk 0:29:15]} Rbd8 {[%clk 0:24:55]} 30. e5 {[%clk 0:28:10]} Ng8
{[%clk 0:20:23]} 31. Be4 {[%clk 0:24:31]} Qc7 {[%clk 0:18:49]} 32. Nxh5+
{[%clk 0:13:45]} gxh5 {[%clk 0:19:11]} 33. Qg5+ {[%clk 0:14:14]} Kh8
{[%clk 0:19:13]} 34. Qxh5+ {[%clk 0:14:41]} Kg7 {[%clk 0:19:40]} 35. Qg5+
{[%clk 0:14:37]} Kh8 {[%clk 0:20:06]} 36. Qh5+ {[%clk 0:12:58]} Kg7
{[%clk 0:20:35]} 37. Qg5+ {[%clk 0:12:52]} Kh8 {[%clk 0:21:01]} 38. Rc3
{[%clk 0:13:12]} Bb2 {[%clk 0:15:21]} 39. Rf3 {[%clk 0:09:53]} Rxd4
{[%clk 0:14:19]} 40. Qh5+ {[%clk 0:38:21]} Kg7 {[%clk 0:44:47]} 41. Qg5+
{[%clk 0:33:48]} Kh8 {[%clk 0:44:23]} 42. Re1 {[%clk 0:30:57]} Qe7
{[%clk 0:24:17]} 1/2-1/2